Normal view
MARC view
- Rome
Entry Topical Term
001 - CONTROL NUMBER
- control field: 131584
003 - CONTROL NUMBER IDENTIFIER
- control field: OSt
005 - DATE AND TIME OF LATEST TRANSACTION
- control field: 20260406155625.0
008 - FIXED-LENGTH DATA ELEMENTS
- fixed length control field: 260406|| aca||aabn | a|a d
040 ## - CATALOGING SOURCE
- Original cataloging agency: OSt
- Transcribing agency: OSt
150 ## - HEADING--TOPICAL TERM
- Topical term or geographic name entry element: Rome
- General subdivision: Folklore
- Chronological subdivision: Juvenile literature
670 ## - SOURCE DATA FOUND
- Source citation: Work cat.: (OSt)94062: Croy, Anita 11782, Myths and legends of ancient Rome /, c2016.









